Dokończ przysłowie #1 - Statystyki

Ogólne statystyki
  • Ten quiz został rozwiązany 71 razy
  • Średni wynik to 10 z 10
Statystyki odpowiedzi
Część Przysłowia Końcówka % Poprawnych
Co dwie głowy....... to nie jedna
100%
Dzieci i ryby........ głosu nie mają
97%
Do wesela........ się zagoi
97%
Tam gdzie kucharek sześć....... tam nie ma co jeść
97%
Twardy orzech........ do zgryzienia
95%
Kłamstwo ma......... krótkie nogi
95%
Kto pyta......... nie błądzi
95%
Lepiej późno.......... niż wcale
94%
Szukać igły......... w stogu siana
94%
Lepszy rydz......... niż nic
92%
Nie znaleziono quizów pasujących do podanych kryteriów
Rozkład punktacji
Procent ludzi z każdym wynikiem
Percentyl według liczby udzielonych odpowiedzi
Twoja historia wyników
Nie rozwiązałeś tego quizu